Elementos fundamentales para la critica de la economía política: borrador 1857 - 1858

Saved in:
Bibliografiske detaljer
Format: Bog
Sprog:spansk
Udgivet: Santiago Universitaria 1972
Santiago Siglo Veintiuno 1972
Fag:
Tags: Tilføj Tag
Ingen Tags, Vær først til at tagge denne postø!

MARC

LEADER 00000nam a2200000 a 4500
001 UCP8885
003 CL-VaPUC
005 20211116074333.0
008 000317e19720000cl |||||||||||||||||spa|d
999 |c 285748  |d 285746 
040 |c Pontificia Universidad Católica de Valparaíso 
082 0 4 |a 335.4  |b MAR  |2 21 
245 1 0 |a Elementos fundamentales para la critica de la economía política: borrador 1857 - 1858 
260 |a Santiago  |b Universitaria  |c 1972 
260 |a Santiago  |b Siglo Veintiuno  |c 1972 
300 |a 2 v 
583 |a last modification  |c 20171220 05:11:11  |k Rodrigo Vera 
650 0 |a Comunismo  |9 255588 
650 0 |a Doctrinas políticas  |9 255835 
650 0 |a Ideologías  |9 255200 
650 7 |a SISTEMAS POLITICOS  |2 CL-VaPUC  |9 439135 
650 7 |a FILOSOFIA POLITICA  |2 CL-VaPUC  |9 439136 
650 0 |a Economía   |9 255568 
650 0 |a Capital   |9 263726 
650 0 |a Salarios  |9 255321 
942 |c BK  |2 ddc 
945 |d 20000317 00:00:00  |a lriquelm 
952 |0 0  |1 0  |4 0  |6 335_400000000000000_MAR_1972_1972  |7 0  |8 A  |9 330521  |a BIBHIS  |b BIBHIS  |d 2019-11-20  |h v.1  |i 1387200  |o 335.4 MAR 1972 1972  |p 1387200  |r 2025-01-20  |w 2019-11-20  |y BK  |k HIS